Die Ausstellung deutscher Malerei des Mittelalters in der Orangerie in Paris : (31. März bis 15. Juni 1950)

Saved in:
Bibliographic Details
Published in:Kunstchronik 3(1950), 5, Seite 81-84
Main Author: Röthel, Hans Konrad (Author, VerfasserIn)
Document Type: Online Resource Article
Language:German
Published: 1950
Subjects:
Online Access:kostenfrei
kostenfrei
kostenfrei
Related Items:Enthalten in: Kunstchronik
Author Notes:Hans Konrad Röthel
LEADER 02877caa a2200589 c 4500
001 1672439558
003 DE-627
005 20260702104245.0
007 cr cn 008aaaaa
008 190829s1950 xx |||||o 00| ||ger c
024 7 |a urn:nbn:de:bsz:16-kc-643300  |2 urn 
024 7 |a 10.11588/kc.1950.4.64330  |2 doi 
035 |a (DE-627)1672439558 
035 |a (DE-599)KXP1672439558 
035 |a (OCoLC)1264097313 
040 |a DE-627  |b ger  |c DE-627  |e rda 
041 |a ger 
084 |a KUNST  |q DE-16  |2 fid 
100 1 |a Röthel, Hans Konrad  |d 1909-1982  |e VerfasserIn  |0 (DE-588)116596031  |0 (DE-627)078084458  |0 (DE-576)162765347  |4 aut 
245 1 4 |a Die Ausstellung deutscher Malerei des Mittelalters in der Orangerie in Paris  |b (31. März bis 15. Juni 1950)  |c Hans Konrad Röthel 
264 1 |c 1950 
336 |a Text  |b txt  |2 rdacontent 
337 |a Computermedien  |b c  |2 rdamedia 
338 |a Online-Ressource  |b cr  |2 rdacarrier 
500 |a Elektronische Reproduktion der Druckausgabe 
533 |a Online-Ausgabe  |b Heidelberg  |c arthistoricum.net  |d 2019  |7 |2019|||||||||| 
583 1 |a Archivierung/Langzeitarchivierung gewährleistet  |x XA-DE-BW  |2 pdager  |5 DE-16 
689 0 0 |d b  |0 (DE-588)1013632-0  |0 (DE-627)103242856  |0 (DE-576)191205885  |a Musée de l'Orangerie  |2 gnd 
689 0 1 |d g  |0 (DE-588)4011882-4  |0 (DE-627)104704861  |0 (DE-576)208896155  |a Deutschland  |2 gnd 
689 0 2 |d s  |0 (DE-588)4037220-0  |0 (DE-627)10623871X  |0 (DE-576)209022892  |a Malerei  |2 gnd 
689 0 3 |d s  |0 (DE-588)4129108-6  |0 (DE-627)104535474  |0 (DE-576)209607793  |a Mittelalter  |2 gnd 
689 0 4 |d s  |0 (DE-588)4129601-1  |0 (DE-627)104279435  |0 (DE-576)209611855  |a Ausstellung  |2 gnd 
689 0 5 |a z  |2 gnd  |a Geschichte 1950 
689 0 |5 (DE-627) 
773 0 8 |i Enthalten in  |t Kunstchronik  |d Heidelberg : Universitätsbibliothek Heidelberg, 2019  |g 3(1950), 5, Seite 81-84  |h Online-Ressource  |w (DE-627)1670038009  |w (DE-600)2979370-1  |x 2510-7534  |7 nnas 
773 1 8 |g volume:3  |g year:1950  |g number:5  |g pages:81-84 
856 4 0 |u http://dx.doi.org/10.11588/kc.1950.4.64330  |x Verlag  |x Resolving-System  |z kostenfrei  |3 Volltext  |7 0 
856 4 0 |u https://journals.ub.uni-heidelberg.de/index.php/kchronik/article/view/64330  |x Verlag  |z kostenfrei  |3 Volltext  |7 0 
856 4 0 |u http://nbn-resolving.de/urn:nbn:de:bsz:16-kc-643300  |x Verlag  |x Resolving-System  |z kostenfrei  |3 Volltext  |7 0 
912 |a ZDB-282-AAE-article 
951 |a AR 
994 |u https://ahnp.ub.uni-heidelberg.de/journals/kchronik/article/view/64330 
994 |u https://ahnp.ub.uni-heidelberg.de/journals/kchronik/article/view/64330 
994 |u https://ahnp.ub.uni-heidelberg.de/journals/kchronik/article/view/64330 
990 |a Musée de l'Orangerie 
990 |a Deutschland 
990 |a Malerei 
990 |a Mittelalter 
990 |a Ausstellung 
990 |a Geschichte 1950 
991 |a Rezension (Veranstaltung, Ausstellung) 
999 |a KXP-PPN1672439558  |e 4039862546